Judah Halevi and his circle of Hebrew poets in Granada (Record no. 249371)
[ view plain ]
| 000 -LEADER | |
|---|---|
| fixed length control field | 01731nam a22003374a 4500 |
| 082 04 - DEWEY DECIMAL CLASSIFICATION NUMBER | |
| Classification number | 892.4/12 |
| 100 1# - MAIN ENTRY--AUTHOR NAME | |
| Personal name | Brener, Ann, |
| 245 10 - TITLE STATEMENT | |
| Title | Judah Halevi and his circle of Hebrew poets in Granada |
| 260 ## - PUBLICATION, DISTRIBUTION, ETC. (IMPRINT) | |
| Place of publication | Leiden ; |
| -- | Boston : |
| Name of publisher | Brill/Styx, |
| Year of publication | 2005. |
| 300 ## - PHYSICAL DESCRIPTION | |
| Number of Pages | x, 155 p. |
| 490 1# - SERIES STATEMENT | |
| Series statement | Hebrew language and literature series ; |
| 505 0# - FORMATTED CONTENTS NOTE | |
| Formatted contents note | First contacts between Judah Halevi and Moses ibn Ezra -- Judah Halevi's letter to Moses ibn Ezra -- First contacts with Judah ibn Ghayyat -- A star is born : Judah Halevi in Granada -- The poetry of wine-drinking parties -- The poet's workshop -- Hebrew boon-companions as poets for Jewish occasions -- "The girl from Granada" : Granada as metaphor and place. |
| 856 40 - ELECTRONIC LOCATION AND ACCESS | |
| Uniform Resource Identifier | http://site.ebrary.com/lib/rucke/Doc?id=10171786 |
No items available.
